00520cam a22001694a 4500008004100000020002500041100002200066245004900088260005100137300004600188500002000234504004100254650002800295003000100323005001700324040000900341  a9780721639482 (hbk.) aScott, Richard D.00aTotal knee arthroplasty /cRichard D. Scott. aPhiladelphia, PA. :bSaunders Elsevier,c2006. ax, 148 p. :bill.(chiefly col.) ;c29 cm. aIncludes index. aIncludes bibliographical references. 0aTotal knee replacement.20230120204220.0 cNUST